000 00370 a2200169 4500
001 68967
020 _a9788516069391
040 _cAnchieta - Itaigara
100 _aMachado, Ana Maria
240 1 0 _aO distraĆ­do sabido
_lpor
245 1 0 _aO distraĆ­do sabido
300 _a29
362 0 _a2010
440 1 _aModerna
650 4 _aLiteratura infantil
942 _cBK
999 _c68967
_d68967